Statistics for South America Airport Codes

Click here to take the quiz!

General Stats

  • This quiz has been taken 275 times
  • The average score is 7 of 13

Answer Stats

HintAnswer% Correct
Lima (Peru)LIM
93%
El Dorado Intl (Bogota, Colombia)BOG
90%
Guarulhos Apt (Sao Paulo, Brazil)GRU
72%
Galeao A C Jobim Intl (Rio De Janeiro, Brazil)GIG
68%
Pistarini Apt (Buenos Aires, Argentina)EZE
62%
Simon Bolivar Intl (Caracas, Venezuela)CCS
58%
Arturo Merino Benitez (Santago, Chile)SCL
52%
Montevideo (Uruguay)MVD
50%
Silvio Pettirosse Intl (Asuncion, Paraguay)ASU
49%
Felix Eboue (Cayenne, French Guiana)CAY
43%
Ogle (Georgetown, Guyana)OGL
26%
El Alto Intl (La Paz, Bolivia)LPB
19%
Port Stanley (Falkland Island)PSY
6%

Score Distribution

Percentile by Number Answered

Percent of People with Each Score

Your Score History

You have not taken this quiz